Statistics for UK Butterflies By Picture

Click here to take the quiz!

General Stats

  • This quiz has been taken 103 times
  • The average score is 18 of 59

Answer Stats

Answer% Correct
Red Admiral
94%
Orange Tip
83%
Peacock
75%
Comma
67%
Painted Lady
66%
Brimstone
64%
Swallowtail
59%
Purple Emperor
53%
White Admiral
50%
Large White
48%
Green Veined White
45%
Small Tortoiseshell
42%
Marbled White
41%
Small White
41%
Adonis Blue
39%
Gatekeeper
36%
Green Hairstreak
36%
Meadow Brown
36%
Small Heath
36%
Wood White
36%
Ringlet
34%
Speckled Wood
34%
Clouded Yellow
31%
Marsh Fritillary
31%
Common Blue
30%
Wall
30%
Small Skipper
28%
Small Copper
25%
Brown Argus
23%
Chalk Hill Blue
23%
Dingy Skipper
22%
Large Skipper
20%
Small Blue
20%
Brown Hairstreak
19%
Large Blue
19%
Silver Washed Fritillary
19%
Essex Skipper
17%
Grizzled Skipper
17%
Chequered Skipper
16%
Purple Hairstreak
16%
Black Hairstreak
14%
Grayling
14%
Northern Brown Argus
14%
Silver Studded Blue
14%
White Letter Hairstreak
14%
Dark Green Fritillary
13%
Duke Of Burgundy
13%
Glanville Fritillary
13%
Heath Fritillary
13%
Scotch Argus
13%
Silver Spotted Skipper
13%
Holy Blue
11%
Large Heath
11%
Lulworth Skipper
11%
Mountain Ringlet
11%
Pearl Bordered Fritillary
11%
Small Pearl Bordered Fritillary
11%
High Brown Fritillary
9%
Cryptic Wood White
8%

Score Distribution

Percentile by Number Answered

Percent of People with Each Score

Your Score History

You have not taken this quiz